| 000 | 01551cam a2200349 a 4500 | ||
|---|---|---|---|
| 999 |
_c41695 _d41695 |
||
| 001 | 13631762 | ||
| 003 | OSt | ||
| 005 | 20221103142657.0 | ||
| 008 | 040621s2005 maua b 001 0 eng | ||
| 010 | _a 2004055184 | ||
| 020 | _a9789339213237 | ||
| 020 | _a0072848235 (acidfree paper) | ||
| 040 |
_aDLC _cDLC _dDLC |
||
| 050 | 0 | 0 |
_aTP155.7 _b.M3 2005 |
| 082 | 0 | 0 |
_a660.2842 _222 _bMCC/U |
| 100 | 1 |
_aMcCabe, Warren L. _q(Warren Lee), _d1899-1982 _99223 |
|
| 245 | 1 | 0 | _aUnit operations of chemical engineering. |
| 250 |
_a7th ed. / _bWarren L. McCabe, Julian C. Smith, Peter Harriott. |
||
| 260 |
_aBoston : _bMcGraw-Hill, _cc2005. |
||
| 300 |
_axxv, 1140 p. : _bill. ; _c25 cm. |
||
| 440 | 0 | _aMcGraw-Hill chemical engineering series | |
| 504 | _aIncludes bibliographical references and index. | ||
| 650 | 0 | _aChemical processes. | |
| 700 | 1 |
_aSmith, Julian C. _q(Julian Cleveland), _d1919- |
|
| 700 | 1 | _aHarriott, Peter. | |
| 856 | 4 | 1 |
_3Table of contents only _uhttp://www.loc.gov/catdir/toc/mh051/2004055184.html |
| 856 | 4 | 2 |
_3Publisher description _uhttp://www.loc.gov/catdir/enhancements/fy0618/2004055184-d.html |
| 856 | 4 | 2 |
_3Contributor biographical information _uhttp://www.loc.gov/catdir/enhancements/fy0737/2004055184-b.html |
| 906 |
_a7 _bcbc _corignew _d1 _eocip _f20 _gy-gencatlg |
||
| 942 |
_2ddc _cBK _h660.2842 _iMCC/U _k660.3842 _mMCC/U |
||